Loading...
History - World History | 2 | 3 | 0 | 0 | 60 | 39 | 64.40 | 3 | 4 |
History - European History | 1 | 5 | 2 | 2 | 55 | 55 | 87.00 | 1 | 6 |
History - American History | 1 | 4 | 2 | 1 | 45 | 37 | 85.40 | 2 | 4 |
Auditory Arts | 2 | 1 | 0 | 0 | 40 | 61 | 72.33 | 1 | 2 |
History - Other History | 1 | 2 | 0 | 1 | 35 | 74 | 110.67 | 1 | 3 |
Visual Arts | 1 | 2 | 1 | 0 | 30 | 82 | 108.00 | 1 | 2 |
Other Academic | 1 | 1 | 0 | 0 | 25 | 60 | 77.50 | 1 | 2 |
Fine Arts - Other Arts | 0 | 2 | 0 | 1 | 20 | 87 | 100.50 | 1 | 1 |
Current Events | 0 | 2 | 0 | 1 | 20 | 104 | 113.50 | 1 | 1 |
Literature - European Literature | 0 | 2 | 0 | 0 | 20 | 110 | 122.50 | 0 | 2 |
History - Ancient History | 0 | 2 | 0 | 1 | 20 | 100 | 105.50 | 1 | 2 |
Philosophy | 0 | 2 | 0 | 0 | 20 | 123 | 128.00 | 0 | 1 |
Science - Biology | 0 | 2 | 0 | 1 | 20 | 94 | 109.50 | 0 | 2 |
Social Science | 0 | 4 | 4 | 1 | 20 | 64 | 96.25 | 1 | 3 |
Literature - World Literature | 0 | 1 | 0 | 1 | 10 | 146 | 146.00 | 0 | 1 |
Literature - American Literature | 0 | 1 | 0 | 0 | 10 | 127 | 127.00 | 0 | 0 |
Science - Chemistry | 0 | 1 | 0 | 1 | 10 | 128 | 128.00 | 0 | 0 |
Beliefs | 0 | 1 | 1 | 1 | 5 | 108 | 108.00 | 0 | 1 |